00534 a2200169 45000010006000000050017000060080041000230030015000640400040000790800092001192450029002110200022002402640058002623000019003200410008003391000017003476061720260407155857.0260407a1985 arg spa dAR-UNSa-BCEJYS aAR-UNSa-BCEJYSbspacAR-UNSa-BCEJYS a308xSociografía. Estudios descriptivos de la sociedad (cualitativos y cuantitativos)10aVilleros y villa miseria a978-950-25-0352-3 1aBuenos Aires :bCentro Editor de America Latinac1985 a101 p.c18 cm. aspa1 aRatier, Hugo